| 000 | 00776nam a22001217a 4500 | ||
|---|---|---|---|
| 040 | _cRUA | ||
| 082 | _aAVM CHH 2011 B098 Or.1 | ||
| 100 | _aCHHORN HORCHHEANGHENG | ||
| 245 | _aUsing of antibiotics for diseases treatment and prevention occur in chicken broiler production in saangdistrict, kandal province, (ការប្រើប្រាស់អង់ទីប៊ីយ៉ូទិក សម្រាប់ព្យាបាលជំងឺដែលកើតមានក្នុងផលិតកម្មមាន់សាច់ នៅក្នុងស្រុុកស្អាង ខេត្តកណ្ដាល) | ||
| 260 |
_aphnom penh _brua _c2011 |
||
| 856 | _uhttps://drive.google.com/file/d/186Mpz6sXJuqROLoQFznmCAkNMXVXPJPD/view?usp=sharing | ||
| 942 | _cAVM | ||
| 999 |
_c2524 _d2524 |
||